| 000 | 00992nam a22002417a 4500 | ||
|---|---|---|---|
| 999 |
_c2248 _d2248 |
||
| 003 | AR-CdUCM | ||
| 008 | 190304b ||||| |||| 00| 0 spa d | ||
| 040 |
_aMUNICIPALIDAD PROVINCIAL DEL CUSCO _cBIBLIOTECA MUNICIPAL DEL CUSCO |
||
| 041 | _heng | ||
| 082 |
_22ed. _a927 / _bSY99 |
||
| 100 |
_aSymonds, John Addington _98098 |
||
| 245 |
_aCientíficos Escritores Y Artistas / _bMiguel Angel / |
||
| 260 |
_aBarcelona - España : _bGrijalbo, _c1965. |
||
| 300 |
_a421 páginas ; _bilustraciones, _c22 cm. |
||
| 440 |
_aBiografías Gandesa. _94521 |
||
| 505 | _aContenido: Nacimiento, infancia y juventud de Miguel Ángel en Florencia hasta la muerte de Lorenzo de Médicis -- Primeras visitas a Bolonia y Roma -- Estancia en Florencia -- Julio II llama a Roma a Miguel Ángel -- Segunda visita a Bolonia ... | ||
| 650 |
_aBiografía _944069 |
||
| 650 |
_aPintores _96624 |
||
| 650 |
_aItalia _92273 |
||
| 700 |
_aRoces, Wenceslao (traducción) _98038 |
||
| 942 |
_2ddc _cLIBROS |
||
| 945 | _aachl | ||